The Three Tenors Christmas /

Guardado en:
Detalles Bibliográficos
Autores corporativos: Los Tres Tenores (voz), Gumpolskirchner Spatzen Children's Choir (voz)
Otros autores: Pavarotti, Luciano (voz) (voz), Domingo, Plácido (voz) (voz), Carreras, José (voz) (voz), Vienna Symphony Orchestra (ejecución musical) (ejecución musical), Mallet, David (realización) (realización), Dradi, Mario (producción) (producción), Gelb, Peter (producción) (producción)
Formato: Audiovisual
Idioma:Inglés
Publicado: EUA : Sony Music Entertainment, Sony Classical, 2000, c2000
México : Sony Music Entertainment [dist.], 2006, c2006
Temas:
Etiquetas: Agrega una etiqueta
Sin etiquetas, Sé el primero en etiquetar este registro!

MARC

LEADER 00000ngm^a2200000^a^4500
001 000325735
005 20250521000000.0
009 20260310113747.531
037 |a Acervo ITESO - Biblioteca 
041 |a ING 
082 |a 785. 120  |b TRE 
110 |a Los Tres Tenores  |e (voz) 
245 1 4 |a The Three Tenors Christmas /  |c Voz de Los Tres Tenores, L. Pavarotti, P. Domingo, J. Carreras, Gumpolskirchner Spatzen Children's Choir ; ejecución musical de la Vienna Symphony Orchestra ; realización de D. Mallet ; prod. de M. Dradi, P. Gelb. 
264 4 |a EUA :  |b Sony Music Entertainment, Sony Classical,  |c 2000, c2000 
264 4 |a México :  |b Sony Music Entertainment [dist.],  |c 2006, c2006 
300 |a 1 DVD sin dato de región  |c (81 min.) (DVDs no disponibles para préstamo externo) 
336 |a imagen móvil bidimensional  |b tdi  |2 rdacontenido 
337 |a video  |b v  |2 rdamedio 
338 |a videodisco  |b vd  |2 rdasoporte 
649 |a XX 
650 |a Conciertos (Espectáculos) -  |z Viena, Austria 
650 |a Conciertos (Espectáculos) -  |z Austria 
650 |a Música de Adviento -  |x Tema Principal 
650 |a Música Vocal 
650 |a Música Sacra 
650 |a Música de Concierto 
710 |a Gumpolskirchner Spatzen Children's Choir  |e (voz) 
700 |a Pavarotti, Luciano  |e (voz) 
700 |a Domingo, Plácido  |e (voz) 
700 |a Carreras, José  |e (voz) 
700 |a Vienna Symphony Orchestra  |e (ejecución musical) 
700 |a Mallet, David  |e (realización) 
700 |a Dradi, Mario  |e (producción) 
700 |a Gelb, Peter  |e (producción) 
910 |a Fondo General 
920 |a Audiovisuales - DVDs 
940 |a DVDs y Videos de Música 
905 |a 307 
901 |a 0500214443  |b IT2  |c DVM  |i C124625  |u 20250521 
902 |a https://opac.biblio.iteso.mx/vufind/Record/000325735